000 00887nam a22002897a 4500
003 CHAP
005 20220329140823.0
008 971013s r 00010 d
010 _a58140
011 _a59112
035 _a63269
040 _cCHAP
090 _aR-2133
100 0 0 _aStol, Th.
_9109864
245 _aProbability distributions of two component soil samples
500 _aSobretiro de: Statistica Neerlandica 26:29-44, 1972
590 _aBATCH-UPD
_b10
_c20130110
_lUCH01
_h0827
590 _aBATCH-UPD
_b10
_c20130410
_lUCH01
_h0505
590 _aBATCH-UPD
_b10
_c20130914
_lUCH01
_h2038
590 _aCONVERSION
_b10
_c20130109
_lUCH01
_h1331
650 1 4 _aSuelos arenosos.
_9110535
650 1 4 _aSuelos
_xMejoramiento.
_9110431
650 1 4 _aSuelos
_xModelos matemáticos.
_9110439
901 _aBK
942 _cREIMP
949 _aR-2133
_bBC
_cR
_d-135919
_eTS1
_i63269
_si
999 _c58140
_d58140